000 00300nam a22001337a 4500
008 171005b xxu||||| |||| 00| 0 eng d
020 _a9780073382647
041 _aeng
080 _24TH
_a519.9
100 _a48
101 _aPSI
245 _aLIFE-SPAN DEVELOPMENT
_cSANTROCK,J.W
942 _2udc
_cBK
999 _c31877
_d31877